[Event "Monarch Assurance Isle of Man 15th"]
[Site "Port Erin IOM"]
[Date "2006.09.27"]
[Round "5.7"]
[White "Volkov, Sergey1"]
[Black "Landa, Konstantin"]
[Result "1/2-1/2"]
[WhiteElo "2628"]
[BlackElo "2584"]
[PlyCount "88"]
[EventDate "2006.09.23"]
[EventType "swiss"]
[EventRounds "9"]
[EventCountry "IOM"]

1. d4 Nf6 2. c4 e6 3. Nc3 Bb4 4. f3 d5 5. e3 Bxc3+ 6. bxc3 c5 7. cxd5 Nxd5 8.
dxc5 Qa5 9. e4 Ne7 10. Be3 O-O 11. Qb3 Qc7 12. Rb1 Nd7 13. Qc4 Ne5 14. Qb5 f5
15. Be2 fxe4 16. fxe4 N7g6 17. Nh3 Nh4 18. Rg1 Neg6 19. g3 Nf3+ 20. Bxf3 Rxf3
21. Bd4 e5 22. Ng5 Rf6 23. Rf1 exd4 24. Qc4+ Kh8 25. Nf7+ Qxf7 26. Qxf7 Rxf7
27. Rxf7 dxc3 28. Rc1 Kg8 29. Rc7 Nf8 30. c6 bxc6 31. Rxc3 {(=)} Bd7 32. Rd3
Re8 33. Rxa7 Rxe4+ 34. Kd2 h5 {(=)} 35. Rdxd7 Nxd7 36. Rxd7 Ra4 37. Rd3 h4 38.
Kc2 hxg3 39. Rxg3 Kf7 40. Kb3 Rh4 41. h3 Ke6 42. a4 Kd6 43. a5 Kc5 44. Rg5+ Kd6
{[There is something odd about the end of this game, although one of the
scores seems to show these moves - the other is completely illegible]} 1/2-1/2

[Event "Monarch Assurance Isle of Man 15th"]
[Site "Port Erin IOM"]
[Date "2006.09.27"]
[Round "5.9"]
[White "Iordachescu, Viorel"]
[Black "Bobras, Piotr"]
[Result "1/2-1/2"]
[WhiteElo "2603"]
[BlackElo "2535"]
[PlyCount "116"]
[EventDate "2006.09.23"]
[EventType "swiss"]
[EventRounds "9"]
[EventCountry "IOM"]

1. e4 c5 2. Nf3 d6 3. d4 cxd4 4. Nxd4 Nf6 5. Nc3 a6 6. Be3 e5 7. Nb3 Be7 8. Qd2
O-O 9. f3 Be6 10. O-O-O Nbd7 11. g4 b5 12. Nd5 Bxd5 13. exd5 Nb6 14. Na5 Nfxd5
15. Nc6 Qc7 16. Nxe7+ Qxe7 17. Bxb6 Nxb6 18. Qxd6 Qg5+ 19. Qd2 Qe7 20. Qe3 Na4
21. Bd3 Rad8 22. Rhe1 Rfe8 23. Be4 g6 24. h4 Rd4 25. Bd5 Rxd1+ 26. Rxd1 Qb4 27.
Bb3 Nc5 28. Rd5 Nxb3+ 29. axb3 e4 30. Rd4 Qa5 31. Kb1 Rd8 32. b4 Qb6 33. Rxe4
Rd1+ 34. Ka2 Qxe3 35. Rxe3 Rh1 36. b3 Rxh4 37. c4 h5 38. gxh5 bxc4 39. hxg6
fxg6 40. Re6 cxb3+ 41. Kxb3 Kg7 42. Rxa6 Rf4 43. b5 Rxf3+ 44. Kc4 Kh6 45. b6
Rf8 46. b7 Rb8 47. Rb6 Kg5 48. Kd5 Kf4 49. Rb4+ Kf5 50. Kc6 g5 51. Kc7 Rxb7+
52. Rxb7 g4 53. Kd6 g3 54. Kd5 Kf4 55. Rb4+ Ke3 56. Rb3+ Kf4 57. Rb2 Kf3 58.
Rb3+ Kf4 1/2-1/2

[Event "Monarch Assurance Isle of Man 15th"]
[Site "Port Erin IOM"]
[Date "2006.09.27"]
[Round "5.10"]
[White "Zatonskih, Anna"]
[Black "Efimenko, Zahar"]
[Result "1/2-1/2"]
[WhiteElo "2432"]
[BlackElo "2632"]
[PlyCount "188"]
[EventDate "2006.09.23"]
[EventType "swiss"]
[EventRounds "9"]
[EventCountry "IOM"]

1. d4 Nf6 2. Nf3 d6 3. g3 g6 4. Bg2 Bg7 5. O-O O-O 6. c4 Nc6 7. Nc3 Bf5 8. Nh4
Bd7 9. d5 Na5 10. Qd3 c5 11. dxc6 Nxc6 12. b3 d5 13. cxd5 Nxd5 14. Bb2 Be6 15.
Rad1 Nxc3 16. Bxc3 Qxd3 17. Rxd3 Rac8 18. Bxg7 Kxg7 19. Nf3 Kf6 20. Rfd1 b6 21.
Nd4 Nxd4 22. Rxd4 Rc2 23. R4d2 Rfc8 24. Be4 Rxd2 25. Rxd2 Rc1+ 26. Kg2 Ke5 27.
Bb7 g5 28. f3 f5 29. e3 a5 30. f4+ Kf6 31. fxg5+ Kxg5 32. Kf3 Bf7 33. e4 Rc3+
34. Kg2 Be6 35. exf5 Kxf5 36. Bf3 Ke5 37. Re2+ Kd6 38. Rd2+ Kc5 39. Re2 Bg8 40.
g4 Kb4 41. Rxe7 Rc2+ 42. Kg3 Rxa2 43. Rb7 Kb5 44. g5 Bxb3 45. Rxh7 a4 46. Ra7
a3 47. h4 Ra1 48. h5 a2 49. h6 Bc2 50. Kf4 Bg6 51. Ke5 Kb4 52. Bd5 Rf1 53. Rxa2
Rf5+ 54. Kd4 b5 55. Rh2 Rf4+ 56. Ke3 Rf5 57. Be4 Re5 58. Rh4 Kc3 59. h7 Bxh7
60. Rxh7 Rxg5 61. Rc7+ Kb4 62. Kd4 Rg4 63. Rb7 Rg5 64. Rh7 Rc5 65. Rh1 Rg5 66.
Ra1 Rh5 67. Rc1 Rg5 68. Rh1 Rg3 69. Bf5 Rf3 70. Bd3 Rf4+ 71. Be4 Ka5 72. Rh8
Kb6 73. Rh2 Ka5 74. Rh1 Kb6 75. Rh8 Rg4 76. Rf8 Rg5 77. Rb8+ Ka5 78. Kc3 Rg3+
79. Bd3 Rg5 80. Re8 Rc5+ 81. Kb3 Rd5 82. Be4 Rd4 83. Ra8+ Kb6 84. Bc2 Rd7 85.
Kc3 Rc7+ 86. Kd2 Rd7+ 87. Bd3 Rd5 88. Kc3 Rh5 89. Ra1 Rh3 90. Rg1 Rh5 91. Kd4
Rh4+ 92. Be4 Rh5 93. Ra1 Rh4 94. Ra8 Rh5 {(eventually Black gave up the rook
for the bishop)} 1/2-1/2

[Event "Monarch Assurance Isle of Man 15th"]
[Site "Port Erin IOM"]
[Date "2006.09.27"]
[Round "5.11"]
[White "Paehtz, Elisabeth"]
[Black "Malakhatko, Vadim"]
[Result "1/2-1/2"]
[WhiteElo "2456"]
[BlackElo "2594"]
[PlyCount "125"]
[EventDate "2006.09.23"]
[EventType "swiss"]
[EventRounds "9"]
[EventCountry "IOM"]

1. e4 e6 2. d4 d5 3. Nd2 c5 4. exd5 Qxd5 5. Ngf3 cxd4 6. Bc4 Qd6 7. O-O Nf6 8.
Nb3 Nc6 9. Nbxd4 Nxd4 10. Qxd4 Qxd4 11. Nxd4 Bd7 12. c3 Bc5 13. Nc2 Rc8 14. Be3
Ke7 15. Rfe1 h6 16. Be2 Bxe3 17. Nxe3 Bc6 18. Rad1 g5 19. Rd4 Rhd8 20. Red1
Rxd4 21. Rxd4 Nd7 22. f4 f5 23. g4 fxg4 24. Bxg4 Nf6 25. Be2 g4 26. Nc4 h5 27.
Ne5 Bd5 28. Ng6+ Ke8 29. Bb5+ Kf7 30. Ne5+ Ke7 31. Ng6+ Kf7 32. Ne5+ Kg7 33.
Bd3 Kf8 34. Ng6+ Kf7 35. Ne5+ Ke7 36. Ng6+ Kd6 37. Ne5 Kc7 38. a3 Rg8 39. c4
Bc6 40. Bg6 Be8 41. Bxe8 Rxe8 42. Kg2 Rh8 43. b4 h4 44. h3 Rg8 45. hxg4 Nxg4
46. Kh3 Nxe5 47. fxe5 Rg3+ 48. Kxh4 Re3 49. Kg5 Rxe5+ 50. Kf6 Re3 51. Ke7 a6
52. a4 e5 53. Rd7+ Kb8 54. b5 axb5 55. cxb5 Rb3 56. Rd5 e4 57. Re5 e3 58. Kd6
Ka7 59. Kc5 b6+ 60. Kc4 Ra3 61. Kb4 Rd3 62. Kc4 Ra3 63. Kb4 1/2-1/2

[Event "Monarch Assurance Isle of Man 15th"]
[Site "Port Erin IOM"]
[Date "2006.09.27"]
[Round "5.12"]
[White "Yakovich, Yuri"]
[Black "Hanley, Craig A"]
[Result "1-0"]
[WhiteElo "2583"]
[BlackElo "2419"]
[PlyCount "63"]
[EventDate "2006.09.23"]
[EventType "swiss"]
[EventRounds "9"]
[EventCountry "IOM"]

1. d4 Nf6 2. c4 e6 3. Nf3 b6 4. Nc3 Bb4 5. Qc2 Bb7 6. a3 Bxc3+ 7. Qxc3 Ne4 8.
Qc2 O-O 9. e3 f5 10. Be2 Rf6 11. O-O Rh6 12. d5 exd5 13. Nd4 Qh4 14. h3 Qg5 15.
cxd5 c5 16. Nf3 Qf6 17. b4 Qxa1 18. Bb2 Qxf1+ 19. Bxf1 Bxd5 20. bxc5 Nc6 21.
Bc4 Be6 22. cxb6 axb6 23. Qd3 Nc5 24. Bxe6+ dxe6 25. Qb5 e5 26. Qxb6 Rb8 27.
Qxc5 Rxb2 28. Qd5+ Kf8 29. Ng5 Ke7 30. Qf7+ Kd6 31. Qxg7 Rg6 32. Qf8+ 1-0

[Event "Monarch Assurance Isle of Man 15th"]
[Site "Port Erin IOM"]
[Date "2006.09.27"]
[Round "5.13"]
[White "Vijayalakshmi, Subbaraman"]
[Black "Stocek, Jiri"]
[Result "1-0"]
[WhiteElo "2417"]
[BlackElo "2561"]
[PlyCount "91"]
[EventDate "2006.09.23"]
[EventType "swiss"]
[EventRounds "9"]
[EventCountry "IOM"]

1. Nf3 Nf6 2. g3 d6 3. d4 Nbd7 4. c4 e5 5. Nc3 c6 6. Bg2 Be7 7. e4 O-O 8. O-O
Re8 9. h3 b6 10. Qc2 Ba6 11. b3 b5 12. cxb5 cxb5 13. b4 Bb7 14. d5 a5 15. Ba3
Rc8 16. Rfc1 Qb6 17. Qe2 Ba6 18. Nd2 axb4 19. Bxb4 Nc5 20. Bf1 h5 21. a4 h4 22.
axb5 Bb7 23. g4 Nfd7 24. Nc4 Qc7 25. Na5 Bg5 26. Rcb1 Qd8 27. Na4 Nxa4 28. Nxb7
Qb6 29. Nxd6 Nac5 30. Nc4 Qg6 31. Bg2 Rb8 32. Na5 Qb6 33. Bc3 Ra8 34. Nc6 Rxa1
35. Rxa1 Nb3 36. Rb1 Nbc5 37. Ba5 Qb7 38. Qc4 Qa8 39. Ra1 Bd8 40. Bc3 Qb7 41.
Ra7 Qc8 42. Ba5 Bxa5 43. Rxa5 Qc7 44. b6 Qd6 45. Qb5 Qh6 46. b7 1-0

[Event "Monarch Assurance Isle of Man 15th"]
[Site "Port Erin IOM"]
[Date "2006.09.27"]
[Round "5.14"]
[White "Neverov, Valeriy"]
[Black "Sarakauskas, Gediminas"]
[Result "1-0"]
[WhiteElo "2556"]
[BlackElo "2414"]
[PlyCount "97"]
[EventDate "2006.09.23"]
[EventType "swiss"]
[EventRounds "9"]
[EventCountry "IOM"]

1. c4 e6 2. d4 d5 3. Nf3 Nf6 4. e3 Be7 5. b3 O-O 6. Bd3 c5 7. O-O Nc6 8. Bb2
cxd4 9. exd4 b6 10. Nbd2 Bb7 11. Rc1 Rc8 12. a3 dxc4 13. bxc4 Bd6 14. Re1 Bf4
15. Rc2 Ne7 16. Nf1 Ng6 17. g3 Bb8 18. Ne3 Re8 19. Bf1 e5 20. Bh3 exd4 21. Bxc8
Qxc8 22. Nd5 Rxe1+ 23. Nxe1 Nxd5 24. cxd5 Qd7 25. Qxd4 Be5 26. Qd3 Bxb2 27.
Rxb2 Ne7 28. d6 Nd5 29. Ng2 Qxd6 30. Ne3 Qe5 31. Nxd5 Bxd5 32. Qe2 Qxe2 33.
Rxe2 Kf8 34. Rd2 Bc6 35. Rc2 Be8 36. Rc7 a5 37. Rb7 b5 38. Kf1 g5 39. Ke2 Kg7
40. Ke3 Kg6 41. Re7 Bc6 42. Ra7 Bd5 43. Rxa5 Bc4 44. Ra6+ f6 45. Kd4 Bf1 46.
Re6 h5 47. Re1 Bh3 48. Kc5 Bd7 49. Re7 1-0

[Event "Monarch Assurance Isle of Man 15th"]
[Site "Port Erin IOM"]
[Date "2006.09.27"]
[Round "5.15"]
[White "Palliser, Richard JD"]
[Black "Kiriakov, Petr"]
[Result "1/2-1/2"]
[WhiteElo "2413"]
[BlackElo "2554"]
[PlyCount "67"]
[EventDate "2006.09.23"]
[EventType "swiss"]
[EventRounds "9"]
[EventCountry "IOM"]

1. d4 e6 2. Nf3 Nf6 3. c4 d5 4. Nc3 Nbd7 5. Bg5 c6 6. e3 Qa5 7. cxd5 exd5 8.
Nd2 Bd6 9. Bd3 O-O 10. Qc2 Re8 11. Bh4 h6 12. O-O-O b5 13. Kb1 Ba6 14. Bf5 b4
15. Nb3 Qb6 16. Na4 Qc7 17. Bd3 Bxd3 18. Qxd3 Ne4 19. f3 Nef6 20. g4 Re6 21.
Be1 a5 22. h4 Bf8 23. Bd2 Nb6 24. Nxb6 Qxb6 25. g5 Nh5 26. gxh6 Rxh6 27. e4 Rg6
28. Rhg1 Rxg1 29. Rxg1 Qa6 30. Qxa6 Rxa6 31. e5 g6 32. f4 Ng7 33. h5 Kh7 34.
hxg6+ 1/2-1/2

[Event "Monarch Assurance Isle of Man 15th"]
[Site "Port Erin IOM"]
[Date "2006.09.27"]
[Round "5.16"]
[White "Ledger, Andrew J"]
[Black "Kuzubov, Yuriy"]
[Result "1/2-1/2"]
[WhiteElo "2411"]
[BlackElo "2554"]
[PlyCount "122"]
[EventDate "2006.09.23"]
[EventType "swiss"]
[EventRounds "9"]
[EventCountry "IOM"]

1. e4 c5 2. Nc3 Nc6 3. g3 g6 4. d3 Bg7 5. Be3 d6 6. Qd2 b5 7. Bg2 Rb8 8. Nge2
Nd4 9. O-O b4 10. Nd1 e6 11. Nc1 Ne7 12. c3 bxc3 13. bxc3 Ndc6 14. Bh6 O-O 15.
Bxg7 Kxg7 16. Ne3 Ba6 17. f4 e5 18. f5 f6 19. Nb3 Na5 20. Rab1 Qc7 21. c4 Nac6
22. h4 Nd4 23. g4 Bc8 24. Bh3 Bd7 25. Kh2 Qd8 26. Rf2 g5 27. hxg5 fxg5 28. Rbf1
Ng8 29. Nxd4 cxd4 30. Nd5 h6 31. f6+ Kf7 32. Kg3 Be6 33. Bg2 Kg6 34. Qc2 Qa5
35. f7 Bxf7 36. Ne7+ Nxe7 37. Rf6+ Kg7 38. Qf2 Ng8 39. Rxf7+ Rxf7 40. Qxf7+ Kh8
41. Qg6 Rb7 42. Qxd6 Qc7 43. Qd5 Qb8 44. c5 Kg7 45. c6 Re7 46. Rc1 Nf6 47. Qc5
Kf7 48. Bf3 Ne8 49. Bd1 Qd8 50. Bb3+ Kg7 51. Qd5 Qxd5 52. Bxd5 Rc7 53. Rb1 Kf6
54. Rb8 Ke7 55. a4 Kf8 56. Kf3 Ke7 57. a5 Kf8 58. Ke2 Ke7 59. Kf3 Kf8 60. Rb7
Ke7 61. Rb8 Kf8 1/2-1/2

[Event "Monarch Assurance Isle of Man 15th"]
[Site "Port Erin IOM"]
[Date "2006.09.27"]
[Round "5.17"]
[White "Ferguson, Mark"]
[Black "Gormally, Daniel W"]
[Result "1/2-1/2"]
[WhiteElo "2389"]
[BlackElo "2513"]
[PlyCount "44"]
[EventDate "2006.09.23"]
[EventType "swiss"]
[EventRounds "9"]
[EventCountry "IOM"]

1. e4 c5 2. Nf3 g6 3. d4 cxd4 4. Nxd4 Bg7 5. c4 Nc6 6. Be3 Nf6 7. Nc3 d6 8. Be2
Nxd4 9. Qxd4 O-O 10. Qd2 Bd7 11. O-O Bc6 12. f3 a5 13. b3 Nd7 14. Rab1 Nc5 15.
Rfc1 e6 16. Rd1 Be5 17. Rbc1 Qh4 18. g3 Bxg3 19. hxg3 Qxg3+ 20. Kh1 Qh3+ 21.
Kg1 Qg3+ 22. Kh1 Qh3+ 1/2-1/2

[Event "Monarch Assurance Isle of Man 15th"]
[Site "Port Erin IOM"]
[Date "2006.09.27"]
[Round "5.18"]
[White "Al Sayed, Mohamad"]
[Black "Vasilevich, Tatjana"]
[Result "1/2-1/2"]
[WhiteElo "2492"]
[BlackElo "2412"]
[PlyCount "193"]
[EventDate "2006.09.23"]
[EventType "swiss"]
[EventRounds "9"]
[EventCountry "IOM"]

1. d4 Nf6 2. c4 e6 3. Nf3 d5 4. Nc3 Bb4 5. cxd5 exd5 6. Bg5 h6 7. Bh4 c5 8.
dxc5 g5 9. Bg3 Ne4 10. Nd2 Nxc3 11. bxc3 Bxc3 12. Rc1 Qa5 13. Qc2 Bg7 14. e3
Nc6 15. Bd6 Be6 16. Rb1 O-O-O 17. Bb5 Nb4 18. Qb3 Qxb5 19. Qxb4 Qxb4 20. Rxb4
Bc3 21. Ra4 a5 22. Ra3 Bb4 23. Rd3 b6 24. O-O Bf5 25. Rxd5 Be6 26. Rd3 bxc5 27.
Rc1 Kb7 28. Ne4 Bf5 29. Nxc5+ Bxc5 30. Rb3+ Bb4 31. Bxb4 axb4 32. Rxb4+ Ka6 33.
h4 Rc8 34. Rxc8 Rxc8 35. hxg5 hxg5 36. Kh2 Rc2 37. g4 Be6 38. Kg3 Rxa2 39. Rb8
Rc2 40. Rg8 Rc5 41. f4 gxf4+ 42. exf4 Rc1 43. Rg7 Rg1+ 44. Kh4 Kb6 45. f5 Bxf5
46. Rxf7 Rxg4+ 47. Kh5 Be6 48. Rf6 Re4 49. Kg5 Kc6 50. Rf4 Re1 51. Kf6 Kd6 52.
Rf2 Re5 53. Rf4 Bd5 54. Rf5 Re8 55. Rf4 Rg8 56. Kf5 Rf8+ 57. Kg5 Ra8 58. Kf6
Re8 59. Rf5 Be6 60. Rf4 Kd5 61. Ra4 Rf8+ 62. Kg7 Rf1 63. Ra5+ Kd6 64. Kg6 Bd5
65. Kg5 Ke5 66. Ra4 Rf5+ 67. Kg4 Rf8 68. Kg3 Rf3+ 69. Kg4 Rb3 70. Kg5 Rb1 71.
Ra5 Rg1+ 72. Kh5 Ke6 73. Kh4 Rg8 74. Rb5 Ke5 75. Kh5 Rf8 76. Kg4 Rf4+ 77. Kg5
Rf5+ 78. Kg4 Rf1 79. Ra5 Rd1 80. Kg5 Rc1 81. Kg4 Ke4 82. Ra4+ Bc4 83. Kg5 Rg1+
84. Kf6 Kd5 85. Kf5 Rf1+ 86. Kg5 Bd3 87. Ra5+ Ke6 88. Kg4 Bf5+ 89. Kg5 Rg1+ 90.
Kf4 Rg4+ 91. Ke3 Re4+ 92. Kf3 Kf6 93. Ra8 Rb4 94. Ke3 Re4+ 95. Kf3 Re1 96. Kf4
Rf1+ 97. Ke3 1/2-1/2

[Event "Monarch Assurance Isle of Man 15th"]
[Site "Port Erin IOM"]
[Date "2006.09.27"]
[Round "5.19"]
[White "Hebden, Mark"]
[Black "Sahl, Bjarke"]
[Result "1/2-1/2"]
[WhiteElo "2532"]
[BlackElo "2364"]
[PlyCount "105"]
[EventDate "2006.09.23"]
[EventType "swiss"]
[EventRounds "9"]
[EventCountry "IOM"]

1. d4 Nf6 2. Nf3 d5 3. c4 e6 4. e3 c5 5. cxd5 exd5 6. Bb5+ Bd7 7. Bxd7+ Qxd7 8.
O-O Nc6 9. Nc3 Rd8 10. b3 cxd4 11. Nxd4 Bd6 12. Bb2 O-O 13. Rc1 Rfe8 14. Na4
Ne4 15. f3 Ng5 16. Nxc6 bxc6 17. Qd2 Qc7 18. f4 Ne4 19. Qd4 f6 20. Rc2 Qb7 21.
Rfc1 c5 22. Qd3 d4 23. Rf1 dxe3 24. Qxe3 f5 25. Qf3 Qf7 26. Bc1 Be7 27. Kh1 Rd5
28. Be3 Qe6 29. Nb2 Bf6 30. Nc4 Rd3 31. Rd1 Qd5 32. Rxd3 Qxd3 33. Rc1 g6 34.
Bg1 Rd8 35. Qxd3 Rxd3 36. g3 h5 37. Kg2 Kf7 38. Kf1 h4 39. Ke2 Rd8 40. Bf2 hxg3
41. hxg3 Nc3+ 42. Kf3 Rd3+ 43. Kg2 Ne4 44. Be1 Ke6 45. Rc2 Bc3 46. Bf2 Bd4 47.
Be1 Rd1 48. Re2 Kd5 49. Na3 a6 50. Nc4 Rd3 51. Nb6+ Kd6 52. Nc4+ Kd5 53. Nb6+
1/2-1/2

[Event "Monarch Assurance Isle of Man 15th"]
[Site "Port Erin IOM"]
[Date "2006.09.27"]
[Round "5.20"]
[White "Zozulia, Anna"]
[Black "Wells, Peter K"]
[Result "0-1"]
[WhiteElo "2352"]
[BlackElo "2480"]
[PlyCount "80"]
[EventDate "2006.09.23"]
[EventType "swiss"]
[EventRounds "9"]
[EventCountry "IOM"]

1. e4 c5 2. Nf3 Nc6 3. d4 cxd4 4. Nxd4 Nf6 5. Nc3 d6 6. Be2 g6 7. O-O Bg7 8.
Nb3 O-O 9. Bg5 a6 10. Re1 h6 11. Bh4 g5 12. Bg3 b5 13. Bf1 Bb7 14. h4 Rc8 15.
hxg5 hxg5 16. Qd2 Nh7 17. Rab1 Ne5 18. Nd4 e6 19. a3 Qb6 20. Rbd1 Rfd8 21. Kh1
Ng6 22. Qe3 Nf4 23. Nf3 Qxe3 24. fxe3 Nh5 25. Bxd6 Bxc3 26. bxc3 Bxe4 27. Bb4
Bxc2 28. Rxd8+ Rxd8 29. Kh2 Be4 30. c4 g4 31. Nd4 bxc4 32. Bxc4 Bb7 33. Nb3 Rc8
34. Nc5 a5 35. Nxb7 axb4 36. Nd6 Rc6 37. Rd1 bxa3 38. Bb5 Rc3 39. Bd3 Ng5 40.
Nb5 Rb3 0-1

[Event "Monarch Assurance Isle of Man 15th"]
[Site "Port Erin IOM"]
[Date "2006.09.27"]
[Round "5.21"]
[White "Arkell, Keith"]
[Black "Quillan, Gary"]
[Result "0-1"]
[WhiteElo "2479"]
[BlackElo "2344"]
[PlyCount "70"]
[EventDate "2006.09.23"]
[EventType "swiss"]
[EventRounds "9"]
[EventCountry "IOM"]

1. Nf3 Nf6 2. b4 d6 3. d4 Nbd7 4. Bb2 e5 5. e3 e4 6. Nfd2 d5 7. b5 Bd6 8. c4 c6
9. a4 O-O 10. Nc3 Re8 11. Qb3 Qe7 12. bxc6 bxc6 13. cxd5 Rb8 14. Qa2 cxd5 15.
Ba3 a6 16. Be2 Nf8 17. Bxd6 Qxd6 18. Qa3 Qe6 19. Nb3 Ng6 20. Nc5 Qf5 21. Bxa6
Nh4 22. Rg1 Bxa6 23. Nxa6 Rbc8 24. h3 Nd7 25. Ne2 Nb6 26. Qd6 Nc4 27. Qg3 Qf6
28. Nb4 Qb6 29. Nxd5 Qa5+ 30. Ndc3 Nf5 31. Qf4 Nb2 32. Kf1 Nd3 33. Qg4 Rxc3 34.
Nxc3 Qxc3 35. Rd1 Nxf2 0-1

[Event "Monarch Assurance Isle of Man 15th"]
[Site "Port Erin IOM"]
[Date "2006.09.27"]
[Round "5.22"]
[White "Dworakowska, Joanna"]
[Black "Williams, Simon K"]
[Result "1-0"]
[WhiteElo "2359"]
[BlackElo "2473"]
[PlyCount "53"]
[EventDate "2006.09.23"]
[EventType "swiss"]
[EventRounds "9"]
[EventCountry "IOM"]

1. e4 e6 2. d4 d5 3. Nc3 Bb4 4. e5 c5 5. a3 Bxc3+ 6. bxc3 Ne7 7. Qg4 Qc7 8.
Qxg7 Rg8 9. Qxh7 cxd4 10. Ne2 Nbc6 11. f4 dxc3 12. Qd3 Nf5 13. Nxc3 Ncd4 14.
Bb2 Bd7 15. O-O-O Rc8 16. Rd2 Qa5 17. g3 Bb5 18. Nxb5 Rxc2+ 19. Qxc2 Nxc2 20.
Bc3 Qa4 21. Rxc2 Ne3 22. Rd2 Kf8 23. Bd3 Kg7 24. Rb2 a6 25. Rb4 Qa5 26. Kd2 Ng4
27. f5 1-0

[Event "Monarch Assurance Isle of Man 15th"]
[Site "Port Erin IOM"]
[Date "2006.09.27"]
[Round "5.23"]
[White "Haslinger, Stewart"]
[Black "Spence, David J"]
[Result "1-0"]
[WhiteElo "2423"]
[BlackElo "2205"]
[PlyCount "67"]
[EventDate "2006.09.23"]
[EventType "swiss"]
[EventRounds "9"]
[EventCountry "IOM"]

1. e4 Nf6 2. e5 Nd5 3. d4 d6 4. Nf3 Bg4 5. Be2 e6 6. c4 Nb6 7. h3 Bh5 8. exd6
cxd6 9. Nc3 Be7 10. d5 e5 11. g4 Bg6 12. h4 h5 13. g5 N8d7 14. Be3 Rc8 15. Nd2
Nc5 16. Bxc5 Rxc5 17. Nce4 Bxe4 18. Nxe4 Rc7 19. c5 Nc8 20. Bb5+ Kf8 21. Qf3 a6
22. Ba4 b5 23. cxb6 Nxb6 24. Bc6 g6 25. Qb3 Nd7 26. Rh3 Kg7 27. O-O-O Nb8 28.
Rc3 Qc8 29. Qb6 Nxc6 30. dxc6 Rd8 31. Rd5 Qb8 32. Qxa6 Qb4 33. f3 Rb8 34. Rb3
1-0

[Event "Monarch Assurance Isle of Man 15th"]
[Site "Port Erin IOM"]
[Date "2006.09.27"]
[Round "5.24"]
[White "Cox, John J"]
[Black "Szieberth, Adam"]
[Result "1-0"]
[WhiteElo "2418"]
[BlackElo "2328"]
[PlyCount "87"]
[EventDate "2006.09.23"]
[EventType "swiss"]
[EventRounds "9"]
[EventCountry "IOM"]

1. d4 Nf6 2. c4 e6 3. Nc3 c5 4. d5 d6 5. e4 exd5 6. cxd5 g6 7. Bd3 Bg7 8. h3
O-O 9. Nf3 Nbd7 10. O-O Nh5 11. Bg5 Bf6 12. Bh6 Bg7 13. Bg5 Bf6 14. Bh6 Bg7 15.
Qd2 Qe7 16. Rfe1 Ne5 17. Be2 Nxf3+ 18. Bxf3 Bxh6 19. Qxh6 Ng7 20. Rad1 f6 21.
Qd2 Bd7 22. a4 Ne8 23. Bg4 a6 24. Bxd7 Qxd7 25. f4 Nc7 26. e5 fxe5 27. fxe5
dxe5 28. d6 Ne6 29. Qd5 Rf7 30. Qxe5 Nf4 31. Nd5 Nxd5 32. Qxd5 Qc6 33. Qxc6
bxc6 34. Re5 Rf5 35. Rxf5 gxf5 36. Kf2 Kf7 37. Kf3 Ke6 38. d7 Rd8 39. Kf4 c4
40. h4 a5 41. g3 c5 42. Rd2 Kf6 43. Rd6+ Ke7 44. Ke5 1-0

[Event "Monarch Assurance Isle of Man 15th"]
[Site "Port Erin IOM"]
[Date "2006.09.27"]
[Round "5.25"]
[White "Sharma, Dinesh K"]
[Black "Siebrecht, Sebastian"]
[Result "1/2-1/2"]
[WhiteElo "2358"]
[BlackElo "2417"]
[PlyCount "51"]
[EventDate "2006.09.23"]
[EventType "swiss"]
[EventRounds "9"]
[EventCountry "IOM"]

1. e4 c5 2. Nf3 e6 3. d4 cxd4 4. Nxd4 a6 5. Nc3 b5 6. Bd3 Bc5 7. Nf3 Nc6 8. O-O
Be7 9. Re1 d6 10. Qe2 Nf6 11. Bd2 O-O 12. a4 b4 13. Na2 d5 14. e5 Nd7 15. c3 b3
16. Nb4 Ncb8 17. Nd4 Nc5 18. Nbc6 Nxc6 19. Nxc6 Qe8 20. Nxe7+ Qxe7 21. Be3 Nxd3
22. Qxd3 Bd7 23. Bd4 Rfc8 24. Re3 Rc4 25. Rh3 h6 26. a5 1/2-1/2

[Event "Monarch Assurance Isle of Man 15th"]
[Site "Port Erin IOM"]
[Date "2006.09.27"]
[Round "5.26"]
[White "Sarakauskiene, Zivile"]
[Black "Sriram, Jha"]
[Result "0-1"]
[WhiteElo "2158"]
[BlackElo "2408"]
[PlyCount "118"]
[EventDate "2006.09.23"]
[EventType "swiss"]
[EventRounds "9"]
[EventCountry "IOM"]

1. e4 e5 2. Nf3 Nc6 3. d4 exd4 4. Bc4 Nf6 5. e5 d5 6. Bb5 Nd7 7. O-O Be7 8. Re1
O-O 9. Bf4 Ndb8 10. Nxd4 Nxd4 11. Qxd4 c5 12. Qd2 c4 13. Ba4 d4 14. c3 d3 15.
Qe3 Be6 16. Nd2 Nd7 17. Qg3 Bh4 18. Qf3 Nb6 19. Bd1 Bd5 20. Qh3 f5 21. b3 Bg5
22. Bxg5 Qxg5 23. Nxc4 Nxc4 24. bxc4 Bxc4 25. Bb3 Bxb3 26. axb3 Qd2 27. Rad1
Qxc3 28. Qxd3 Qxd3 29. Rxd3 Rad8 30. Red1 Rxd3 31. Rxd3 Rc8 32. f4 Rc7 33. Kf2
Kf7 34. h3 Ke7 35. Ke3 Rc2 36. g3 Rh2 37. h4 Rc2 38. Kd4 Ke6 39. Ke3 h6 40. Rd2
Rc1 41. Rd6+ Ke7 42. Kd2 Rg1 43. Rd3 {(=)} Rg2+ 44. Kc3 Re2 45. Rd2 Re1 46. Rd3
g5 47. Rd6 Re3+ 48. Rd3 Re1 49. Rd6 Rg1 50. Rxh6 Rxg3+ 51. Kd4 gxf4 52. Rh7+
Ke6 53. Rxb7 Rg1 54. Kd3 Re1 55. Rxa7 f3 56. Ra2 Kxe5 57. Rf2 Kf4 58. Kd2 Ra1
59. h5 Kg3 0-1

[Event "Monarch Assurance Isle of Man 15th"]
[Site "Port Erin IOM"]
[Date "2006.09.27"]
[Round "5.28"]
[White "Mohota, Nisha"]
[Black "Roy Chowdhury, Saptarshi"]
[Result "1/2-1/2"]
[WhiteElo "2313"]
[BlackElo "2394"]
[PlyCount "22"]
[EventDate "2006.09.23"]
[EventType "swiss"]
[EventRounds "9"]
[EventCountry "IOM"]

1. d4 Nf6 2. c4 e6 3. Nc3 c5 4. d5 exd5 5. cxd5 d6 6. e4 g6 7. h3 Bg7 8. Nf3
O-O 9. Bd3 Nh5 10. O-O Nd7 11. Re1 a6 1/2-1/2

[Event "Monarch Assurance Isle of Man 15th"]
[Site "Port Erin IOM"]
[Date "2006.09.27"]
[Round "5.29"]
[White "Kononenko, Tatiana"]
[Black "Meenakshi, S1."]
[Result "1/2-1/2"]
[WhiteElo "2387"]
[BlackElo "2310"]
[PlyCount "92"]
[EventDate "2006.09.23"]
[EventType "swiss"]
[EventRounds "9"]
[EventCountry "IOM"]

1. d4 d5 2. c4 c6 3. Nf3 Nf6 4. e3 g6 5. Nc3 Bg7 6. Be2 O-O 7. O-O Bg4 8. cxd5
cxd5 9. Qb3 b6 10. h3 Bxf3 11. Bxf3 e6 12. Be2 Nc6 13. Bd2 Na5 14. Qa4 a6 15.
b4 Nc4 16. Bxc4 dxc4 17. b5 e5 18. Qxc4 exd4 19. exd4 axb5 20. Nxb5 Qd5 21. Qd3
Rfc8 22. Be3 Nd7 23. Qb3 Nf6 24. Rac1 h5 25. Rxc8+ Rxc8 26. Rc1 Rxc1+ 27. Bxc1
Qc6 28. Bd2 Nd5 29. a4 Bf6 30. Qd3 Qe6 31. Kf1 Ne7 32. Nc3 Qb3 33. Be1 Nc6 34.
d5 Nb4 35. Qf3 Bxc3 36. Qxc3 Qxc3 37. Bxc3 Nxd5 38. Bd2 Kf8 39. Ke2 Ke7 40. Kd3
Kd6 41. Kd4 Nf6 42. Bb4+ Ke6 43. Kc4 Kd7 44. Kb5 Nd5 45. Bd2 Kc7 46. Kc4 Kc6
1/2-1/2

[Event "Monarch Assurance Isle of Man 15th"]
[Site "Port Erin IOM"]
[Date "2006.09.27"]
[Round "5.30"]
[White "Zimmerman, Yuri"]
[Black "Eggleston, David J"]
[Result "0-1"]
[WhiteElo "2374"]
[BlackElo "2232"]
[PlyCount "56"]
[EventDate "2006.09.23"]
[EventType "swiss"]
[EventRounds "9"]
[EventCountry "IOM"]

1. d4 e6 2. g3 f5 3. Bg2 Nf6 4. Nf3 Be7 5. c4 O-O 6. O-O Ne4 7. Qc2 Bf6 8. Nc3
Nxc3 9. Qxc3 d6 10. Qd3 Nc6 11. d5 Ne5 12. Nxe5 dxe5 13. e4 h6 14. b3 fxe4 15.
Bxe4 exd5 16. cxd5 Be7 17. Bb2 Bd6 18. f4 Bh3 19. Rfe1 Qf6 20. Qe2 Bb4 21. Red1
Qb6+ 22. Kh1 exf4 23. Qh5 Rae8 24. Bg6 f3 25. Bd4 Bg2+ 26. Kg1 Re1+ 27. Kf2
Re2+ 28. Kg1 Qxd4+ 0-1